000
00272nam a22001097a 4500
008
240529b |||||||| |||| 00| 0 eng d
100
_a
Sharma, Vishnu
_9
14815
245
_a
Amar Virta je Rah Me
260
_a
Bombay:
_b
Lok Sewa Mandal;
_c
1965.
300
_a
34p.
942
_c
BK
999
_c
38330
_d
38330